书目信息 |
| 题名: |
中西叙事传统比较研究
|
|
| 作者: | 傅修延 总主编 ;张开焱 著 | |
| 分册: | 神话卷 | |
| 出版信息: | 北京 北京大学出版社 2024.11 |
|
| 页数: | 17,495页 | |
| 开本: | 24cm | |
| 丛书名: | ||
| 单 册: | ||
| 中图分类: | I0-03 , I057 | |
| 科图分类: | ||
| 主题词: | 叙事文学--神话--比较文学--中国--西方国家 | |
| 电子资源: | ||
| ISBN: | 978-7-301-35558-9 | |
| 000 | 01241nam0 2200265 450 | |
| 001 | 013319478 | |
| 005 | 20251022104308.25 | |
| 010 | @a978-7-301-35558-9@b精装@dCNY178.00 | |
| 100 | @a20241225d2024 em y0chiy0120 ea | |
| 101 | 0 | @achi |
| 102 | @aCN@b110000 | |
| 105 | @ay z 000yy | |
| 106 | @ar | |
| 200 | 1 | @a中西叙事传统比较研究@9zhong xi xu shi chuan tong bi jiao yan jiu@i神话卷@f傅修延总主编@g张开焱等著 |
| 210 | @a北京@c北京大学出版社@d2024.11 | |
| 215 | @a17,495页@d24cm | |
| 300 | @a国家出版基金项目 | |
| 330 | @a本书遵循中西对比、以西映中、以中为主的原则,对中西(两希为主)上古神话叙事传统进行系统的比较研究。主要对中西神话叙事图像文本和语言文本的发展过程进行了概要性勾勒,对中西神话前文本、初文本、续文本的发展流变脉络及其特点进行了清理,突出了中西神话叙事传统中各自时空优势类型特征。在此前提下,对中西神话集体无意识讲述者类型、中西神话人物行为动力比较、中西神话显层话语与形象构形特征和表层结构中行动元类型以及故事组织异同进行比较分析。 | |
| 606 | 0 | @a叙事文学@x神话@x比较文学@y中国@x西方国家 |
| 690 | @aI0-03@v5 | |
| 690 | @aI057@v5 | |
| 701 | 0 | @a傅修延@9fu xiu yan@f(1951-)@4总主编 |
| 702 | 0 | @a张开焱@9zhang kai yan@f(1955.9-)@4著 |
| 801 | 0 | @aCN@c20250911 |
| 905 | @a河南城建学院图书馆@dI0@eF968:3@ZF968:3@f1 | |
| 中西叙事传统比较研究.神话卷/傅修延总主编/张开焱等著.-北京:北京大学出版社,2024.11 |
| 17,495页;24cm |
| 国家出版基金项目 |
| ISBN 978-7-301-35558-9(精装):CNY178.00 |
| 本书遵循中西对比、以西映中、以中为主的原则,对中西(两希为主)上古神话叙事传统进行系统的比较研究。主要对中西神话叙事图像文本和语言文本的发展过程进行了概要性勾勒,对中西神话前文本、初文本、续文本的发展流变脉络及其特点进行了清理,突出了中西神话叙事传统中各自时空优势类型特征。在此前提下,对中西神话集体无意识讲述者类型、中西神话人物行为动力比较、中西神话显层话语与形象构形特征和表层结构中行动元类型以及故事组织异同进行比较分析。 |
| ● |
| 相关链接 |
|
|
|
正题名:中西叙事传统比较研究
索取号:I0/F968:3
 
预约/预借
| 序号 | 登录号 | 条形码 | 馆藏地/架位号 | 状态 | 备注 |
| 1 | 1635565 | 216355655 | 文学库108/108文学库 1排1列2层/ [索取号:I0/F968:3] | 在馆 |